| 000 | 00798nam a22002417a 4500 | ||
|---|---|---|---|
| 999 |
_c187424 _d187424 |
||
| 005 | 20220419131431.0 | ||
| 010 | _aENG-132320 | ||
| 020 |
_a9788193376157 _c250.00 |
||
| 035 | _aEN-115852 | ||
| 037 | _bDBAD/PUB | ||
| 082 | _a338.954164 | ||
| 100 | _aFernandes, Walter | ||
| 245 |
_aThe Challenge Of Development: _bDisplacement in Nagaland 1947-2010/ _cWalter Fernandes [et.al...] |
||
| 260 |
_aGuwahati _bNorth Eastern Social Research Centre _c2017 |
||
| 270 |
_aGMCH Road, Christian Basti _bGuwahati _e781005 _mnerscrghy@gmail.com |
||
| 300 |
_aix, 284p. _c22cm(pbk) |
||
| 700 | _aMughavi, Bokali Chishi | ||
| 700 | _aPienyu, Medonuo | ||
| 700 | _aAchumi, K. Alibo | ||
| 700 | _aYanthan, Mhonthung | ||
| 700 | _aFidelia, Thejanuo | ||
| 942 |
_2ddc _cEN _h338.954164 _mTHE |
||